[Event "EYCC 2017"]
[Site "Mamaia"]
[Date "2017.09.12"]
[Round "7"]
[White "Muetsch, Annmarie"]
[Black "Grigoryan, Arpine"]
[Result "1-0"]
[WhiteElo "2137"]
[BlackElo "1865"]
[Annotator "NA"]
[PlyCount "113"]
[EventDate "2017.??.??"]
[EventType "swiss"]
[EventCountry "ROU"]
[SourceTitle "playchess.com"]
[Source "ChessBase"]
[SourceQuality "1"]
[TimeControl "40/5400+30:1800+30"]

1. e4 {[%emt 0:00:00]} e6 {[%emt 0:00:05]} 2. d4 {[%emt 0:00:00]} d5 {[%emt 0:00:02]} 3. Nd2 {[%emt 0:00:00]} c5 {[%emt 0:00:04]} 4. exd5 {[%emt 0:00:00]} Qxd5 {[%emt 0:00:03]} 5. dxc5 {[%emt 0:00:14]} Bxc5 {[%emt 0:03:06]} 6. Ngf3 {[%emt 0:01:12]} Nf6 {[%emt 0:02:37]} 7. Bc4 {[%emt 0:04:26]} Qd8 {[%emt 0:03:32]} 8. Qe2 {[%emt 0:03:00]} O-O {[%emt 0:08:25]} 9. Nb3 {[%emt 0:03:59]} Be7 {[%emt 0:03:17]} 10. Bd2 {[%emt 0:05:01]} Nc6 {[%emt 0:05:33]} 11. O-O-O {[%emt 0:07:22]} Qc7 {[%emt 0:03:23]} 12. Kb1 {[%emt 0:14:16]} a6 {[%emt 0:09:08]} 13. Bd3 {[%emt 0:02:29]} Nb4 {[%emt 0:04:05]} 14. Bxb4 {[%emt 0:03:55]} Bxb4 {[%emt 0:00:24]} 15. Ne5 {[%emt 0:13:56]} Nd5 {[%emt 0:12:30]} 16. Be4 {[%emt 0:10:59]} Nf6 {[%emt 0:05:03]} 17. Bf3 {[%emt 0:01:20]} a5 {[%emt 0:01:13]} 18. a4 {[%emt 0:08:13]} Bd7 {[%emt 0:03:06]} 19. Nxd7 {[%emt 0:01:29]} Nxd7 {[%emt 0:00:07]} 20. Qb5 {[%emt 0:03:37]} Nc5 {[%emt 0:04:04]} 21. Nc1 {[%emt 0:06:01]} Ra6 {[%emt 0:01:43]} 22. Qc4 {[%emt 0:01:02]} Rb6 {[%emt 0:01:07]} 23. Ka2 {[%emt 0:01:23]} Qe7 {[%emt 0:02:26]} 24. c3 {[%emt 0:03:28]} Nxa4 {[%emt 0:01:41]} 25. Nd3 {[%emt 0:00:20]} Nc5 {[%emt 0:06:50]} 26. cxb4 {[%emt 0:00:49]} Nxd3 {[%emt 0:00:06]} 27. Rxd3 {[%emt 0:01:18]} Rxb4 {[%emt 0:01:23]} 28. Qc3 {[%emt 0:00:43]} Qe8 {[%emt 0:02:20]} 29. Kb1 {[%emt 0:00:46]} Qb5 {[%emt 0:04:11]} 30. Rhd1 {[%emt 0:00:29]} Qb6 {[%emt 0:00:13]} 31. Qd2 {[%emt 0:00:59]} Qb5 {[%emt 0:02:16]} 32. Rd8 {[%emt 0:00:58]} Qf5+ {[%emt 0:00:34]} 33. Qc2 {[%emt 0:00:36]} Qxc2+ {[%emt 0:02:23]} 34. Kxc2 {[%emt 0:00:05]} f5 {[%emt 0:00:17]} 35. R8d7 {[%emt 0:01:18]} Rc8+ {[%emt 0:00:40]} 36. Kb1 {[%emt 0:00:06]} b5 {[%emt 0:01:15]} 37. Re7 {[%emt 0:00:45]} a4 {[%emt 0:00:17]} 38. Rxe6 {[%emt 0:00:44]} a3 {[%emt 0:03:20]} 39. Re2 {[%emt 0:00:22]} Rc7 {[%emt 0:00:32]} 40. Ka2 {[%emt 0:00:00]} axb2 {[%emt 0:02:25]} 41. Rxb2 {[%emt 0:01:56]} Ra4+ {[%emt 0:00:23]} 42. Kb1 {[%emt 0:00:14]} Rca7 {[%emt 0:01:05]} 43. Rxb5 {[%emt 0:03:12]} Ra1+ {[%emt 0:00:52]} 44. Kc2 {[%emt 0:00:07]} R1a2+ {[%emt 0:01:55]} 45. Rb2 {[%emt 0:00:31]} Rc7+ {[%emt 0:00:35]} 46. Kb1 {[%emt 0:00:12]} Rxb2+ {[%emt 0:01:57]} 47. Kxb2 {[%emt 0:00:06]} Kf7 {[%emt 0:00:04]} 48. Rd3 {[%emt 0:03:56]} Kf6 {[%emt 0:01:31]} 49. Rc3 {[%emt 0:00:31]} Ra7 {[%emt 0:00:11]} 50. Kc1 {[%emt 0:00:50]} g5 {[%emt 0:02:38]} 51. Kd2 {[%emt 0:00:59]} g4 {[%emt 0:01:21]} 52. Be2 {[%emt 0:00:54]} Ra5 {[%emt 0:01:30]} 53. Bd3 {[%emt 0:01:10]} h5 {[%emt 0:00:55]} 54. g3 {[%emt 0:01:59]} Re5 {[%emt 0:01:45]} 55. Rc8 {[%emt 0:00:43]} Kg5 {[%emt 0:00:57]} 56. Rg8+ {[%emt 0:00:30]} Kh6 {[%emt 0:00:56]} 57. Rb8 {[%emt 0:02:10]} 1-0

[Event "EYCC 2017"]
[Site "Mamaia"]
[Date "2017.09.12"]
[Round "7"]
[White "Babazada, Khazar"]
[Black "Biletskiy, Danylo"]
[Result "1/2-1/2"]
[WhiteElo "2122"]
[BlackElo "1866"]
[Annotator "TA"]
[PlyCount "172"]
[EventDate "2017.??.??"]
[EventType "swiss"]
[EventCountry "ROU"]
[SourceTitle "playchess.com"]
[Source "ChessBase"]
[SourceQuality "1"]

{[%evp 26,172,14,8,20,18,54,45,46,46,47,45,47,45,86,86,86,77,99,96,96,96,97,97,100,98,98,98,92,94,104,113,124,131,132,141,82,73,117,63,63,25,27,25,27,16,16,16,22,16,36,36,36,36,36,36,36,36,36,36,36,36,36,36,36,8,8,0,7,0,8,7,7,7,7,7,7,7,7,7,7,7,7,7,7,7,7,7,7,7,8,8,8,8,8,8,8,0,8,8,8,8,8,8,8,8,8,0,0,0,8,8,8,8,8,8,8,8,8,8,8,0,8,0,0,0,0,0,0,0,0,0,0,0,0,0,0,0,0,0,0,0,0,0,0,0,0,0,0]} 1. Nf3 Nf6 2. g3 g6 3. b3 Bg7 4. Bb2 O-O 5. Bg2 c5 6. O-O Nc6 7. c4 d5 8. cxd5 Nxd5 9. Bxg7 Kxg7 10. Qc2 b6 11. Qb2+ f6 {A05: Réti Opening: 1 Nf3 Nf6} 12. d4 cxd4 13. Nxd4 Nxd4 14. Qxd4 {LiveBook: 3 Games} Bb7 (14... Be6 15. Rd1 Qc7 16. Bxd5 Bxd5 17. Nc3 Bf7 18. Nb5 Qc6 19. Qd7 {½-½ (63) Anurag,M (2454)-Kozul,Z (2631) Skopje 2017}) 15. Rd1 {[#] Strongly threatening Qb2.} e6 {[#]} 16. Bxd5 $146 ({Predecessor:} 16. Nc3 Nxc3 17. Qxc3 Qe7 18. Bxb7 Qxb7 19. Rd6 e5 20. Rad1 Rf7 21. Qc6 {½-½ (21) Badea,B (2509)-Shishkin,V (2443) Bucharest 2004}) 16... Qxd5 17. Qxd5 Bxd5 18. Nc3 Rfd8 19. Nxd5 Rxd5 20. Rxd5 exd5 $14 {[%mdl 4096] Endgame KR-KR} 21. Rc1 Re8 22. Rc7+ Kf8 23. Rxh7 Rxe2 24. Rxa7 d4 25. Rd7 Rd2 26. Kf1 d3 27. Kg2 Ke8 28. Rd4 Ke7 29. a4 Rd1 30. Kf3 d2 31. Ke2 Rb1 32. Rxd2 (32. Re4+ $16 Kf7 33. Kxd2 Rxb3 34. h4) 32... Rxb3 33. Ra2 g5 34. Kf1 f5 35. a5 bxa5 36. Rxa5 Kf6 37. h3 {[%cal Bh2h3,Bh3h4,Bh4h5,Bh5h6][%mdl 32]} f4 38. gxf4 gxf4 39. Kg2 Kg6 40. h4 Kf6 41. Rg5 Ra3 42. Rg8 Kf5 43. f3 Rb3 44. Rf8+ Ke5 $1 45. h5 Ra3 {The position is equal.} 46. Rf7 (46. h6 $5 {[%cal Rh6h7]} Ra7 47. Kh3 $14) 46... Rb3 47. Rf8 (47. Rc7 $5 {[%cal Rh5h6]}) 47... Ra3 48. Rg8 {Threatening h6.} Kf6 49. h6 Ra7 50. Rh8 Ra3 51. Rf8+ (51. Rc8 $5 {[%cal Rh6h7]} Ra7 52. Kh3 $11) 51... Kg6 52. Rxf4 {White wants to play Rh4.} Kxh6 53. Rf6+ Kg5 54. Rb6 Kf4 55. Rb4+ Kf5 56. Kg3 Rc3 57. Rb5+ Kf6 58. Kg4 Rc6 59. f4 Kg6 60. Rg5+ Kf6 61. Rh5 {[#] Rh6+ would kill now.} Rc4 62. Rh6+ Kg7 63. Rb6 Rc5 64. Rb7+ Kf6 65. Rb4 Kg7 66. Kf3 Kf6 67. Ke4 Ra5 68. Rb6+ Ke7 69. Kf3 Kf7 70. Kg4 Kg7 71. Rb1 Kf6 72. Rh1 Kg6 73. Rh8 Kg7 74. Rh5 Rxh5 75. Kxh5 $11 {White threatens Kg5 and mate. KP-K} Kf6 76. Kg4 Kg6 77. f5+ Kf6 78. Kf4 Kf7 79. Kg5 Kg7 80. f6+ Kf7 81. Kf5 Kf8 82. Ke5 Kf7 83. Kf5 Kf8 84. Kg6 {White wants to mate with f7.} Kg8 85. Kh6 {Threatening mate with Kg6.} Kf7 86. Kg5 Kf8 {Precision: White = 72%, Black = 78%.} 1/2-1/2

[Event "EYCC 2017"]
[Site "Mamaia"]
[Date "2017.09.12"]
[Round "7"]
[White "Eizaguerri Floris, Maria"]
[Black "Guillo Longares, Cecilia"]
[Result "1/2-1/2"]
[WhiteElo "2098"]
[BlackElo "1810"]
[Annotator "NA RC"]
[PlyCount "128"]
[EventDate "2017.??.??"]
[EventType "swiss"]
[EventCountry "ROU"]
[SourceTitle "playchess.com"]
[Source "ChessBase"]
[SourceQuality "1"]
[TimeControl "40/5400+30:1800+30"]

1. e4 {[%emt 0:00:00]} c5 {[%emt 0:00:04]} 2. c3 {[%emt 0:00:00]} Nf6 {[%emt 0:00:05]} 3. e5 {[%emt 0:00:06]} Nd5 {[%emt 0:00:04]} 4. Bc4 {[%emt 0:00:05]} Nb6 {[%emt 0:00:16]} 5. Bb3 {[%emt 0:00:17] B22: Sicilian: 2 c3} d5 {[%emt 0:00:16]} (5... c4 6. Bc2 Nc6 7. Nf3 Qc7 8. Qe2 g5 9. h3 Bg7 10. Na3 Nxe5 11. Nxg5 d5 12. Nb5 Qd7 13. f4 Nd3+ 14. Bxd3 cxd3 15. Qxd3 f6 16. Nf3 e5 {1-0 (52) Kovalenko,I (2659)-Salem,A (2638) Biel 2017}) 6. exd6 {[%emt 0:01:02]} Qxd6 {[%emt 0:00:06]} 7. Na3 {[%emt 0:06:29]} Bf5 {[%emt 0:01:24]} 8. Qf3 $146 {[%emt 0:10:18]} ({Predecessor:} 8. d4 cxd4 9. Nf3 dxc3 10. Qxd6 exd6 11. Nb5 Na6 12. O-O O-O-O {0-1 (45) Lyell,M (2193)-Kiremitciyan,A (2191) Budapest 2016}) 8... Qe5+ {[%emt 0:06:14]} 9. Ne2 {[%emt 0:01:47]} e6 {[%emt 0:14:28]} 10. d4 {[%emt 0:04:36]} cxd4 {[%emt 0:01:26]} 11. Bf4 {[%emt 0:01:23]} Qe4 {[%emt 0:01:22]} 12. Qxe4 {[%emt 0:01:05]} Bxe4 {[%emt 0:00:01]} 13. Nb5 {[%emt 0:01:17]} Na6 {[%emt 0:01:34]} 14. f3 {[%emt 0:01:31]} Bd5 {[%emt 0:04:23]} 15. Nexd4 {[%emt 0:03:17]} Bc5 {[%emt 0:04:12]} 16. O-O-O {[%emt 0:13:41]} O-O {[%emt 0:03:32]} 17. Rhe1 {[%emt 0:01:55]} Bxb3 {[%emt 0:01:59]} 18. Nxb3 {[%emt 0:00:57]} Nd5 {[%emt 0:00:15]} 19. Nxc5 {[%emt 0:11:23]} Nxf4 {[%emt 0:01:35]} 20. Nxb7 {[%emt 0:05:10]} Nxg2 {[%emt 0:02:40]} 21. Re4 {[%emt 0:02:11]} Rab8 {[%emt 0:06:11] [#]} 22. N5d6 $1 {[%emt 0:03:05]} f5 {[%emt 0:03:04]} 23. Rxe6 $18 {[%emt 0:07:10]} Nh4 {[%emt 0:03:40]} 24. f4 {[%emt 0:03:13]} Ng6 {[%emt 0:01:02]} 25. Rd4 {[%emt 0:02:17]} Nc7 {[%emt 0:01:52]} 26. Re1 {[%emt 0:00:28]} Nh4 {[%emt 0:04:28]} 27. Re7 {[%emt 0:04:55]} Ne8 {[%emt 0:00:38]} 28. Nc5 {[%emt 0:01:52]} Ng6 {[%emt 0:02:50]} 29. Rxa7 {[%emt 0:07:10]} Nxd6 {[%emt 0:01:40]} 30. Rxd6 {[%emt 0:00:05]} Nxf4 {[%emt 0:00:41]} 31. Rdd7 {[%emt 0:00:49]} Nh5 {[%emt 0:02:04]} 32. Ne6 {[%emt 0:00:39]} Rfe8 {[%emt 0:00:23]} 33. Nxg7 {[%emt 0:00:10]} Re1+ {[%emt 0:00:17]} 34. Kd2 {[%emt 0:00:34]} Rh1 {[%emt 0:00:15]} 35. Nxh5 {[%emt 0:01:48]} Rxh2+ {[%emt 0:00:18]} 36. Kd3 {[%emt 0:00:54]} Rxh5 {[%emt 0:00:05]} 37. a4 {[%emt 0:02:42]} Rh3+ {[%emt 0:03:27]} 38. Kd4 {[%emt 0:01:01]} f4 {[%emt 0:00:52]} 39. Rg7+ {[%emt 0:00:59]} Kh8 {[%emt 0:00:07]} 40. Rgf7 {[%emt 0:00:00]} f3 {[%emt 0:00:39]} 41. b4 {[%emt 0:08:22]} Rd8+ {[%emt 0:05:35]} 42. Ke3 {[%emt 0:02:43]} Rc8 {[%emt 0:02:34]} 43. Rac7 {[%emt 0:00:58]} Re8+ {[%emt 0:01:53]} 44. Kf4 {[%emt 0:06:26]} Rg8 {[%emt 0:01:38]} 45. Ke4 {[%emt 0:04:03]} Re8+ {[%emt 0:01:07]} 46. Kd5 {[%emt 0:02:15]} Rd8+ {[%emt 0:02:52]} 47. Rcd7 {[%emt 0:05:39]} Rc8 {[%emt 0:04:14]} 48. c4 {[%emt 0:03:00]} f2 {[%emt 0:00:12]} 49. Rxf2 {[%emt 0:00:58]} Rd3+ {[%emt 0:00:04]} 50. Ke6 {[%emt 0:00:07]} Re3+ {[%emt 0:03:11]} 51. Kd6 {[%emt 0:01:45]} Rd3+ {[%emt 0:01:50]} 52. Ke7 {[%emt 0:00:07]} Re3+ {[%emt 0:00:10]} 53. Kf7 {[%emt 0:00:15]} Re4 {[%emt 0:02:55]} 54. Rc2 {[%emt 0:00:51]} Rg8 {[%emt 0:01:42]} 55. Rdd2 {[%emt 0:00:51]} Ree8 {[%emt 0:00:56]} 56. Kf6 {[%emt 0:00:29]} Rgf8+ {[%emt 0:00:47]} 57. Kg5 {[%emt 0:00:04]} Re4 {[%emt 0:02:33]} 58. b5 {[%emt 0:00:55]} h6+ {[%emt 0:00:46]} 59. Kxh6 {[%emt 0:00:44]} Rg8 {[%emt 0:01:14]} 60. Rd5 {[%emt 0:00:13]} Rh4+ {[%emt 0:00:44]} 61. Rh5 {[%emt 0:00:11]} Rhg4 {[%emt 0:00:08]} 62. Rd5 {[%emt 0:00:46]} Rh4+ {[%emt 0:00:04]} 63. Rh5 {[%emt 0:00:06]} Rhg4 {[%emt 0:00:05]} 64. Rd5 {[%emt 0:00:58]} Rh4+ {[%emt 0:00:06]} 1/2-1/2

[Event "EYCC 2017"]
[Site "Mamaia"]
[Date "2017.09.12"]
[Round "7"]
[White "Musyuk, Lior"]
[Black "Can, Isik"]
[Result "1-0"]
[WhiteElo "2087"]
[BlackElo "2239"]
[Annotator "TA"]
[PlyCount "93"]
[EventDate "2017.??.??"]
[EventType "swiss"]
[EventCountry "ROU"]
[SourceTitle "playchess.com"]
[Source "ChessBase"]
[SourceQuality "1"]

{[%evp 11,93,0,7,7,1,11,8,6,16,3,10,10,0,1,0,-2,-3,0,-14,-11,0,-35,0,-25,-14,-27,0,0,0,0,0,0,0,0,0,-57,-41,-53,-13,-20,-6,-11,-15,-120,-79,-71,-73,-118,-83,-72,-33,-97,0,0,0,0,73,69,69,45,73,78,66,13,24,35,1803,1797,1789,78,1769,1768,1666,1644,1550,1550,1550,1515,1421,1341,1490,1295,1191,1035]} 1. e4 e5 {[%cal Be7e5,Be5d4][%mdl 32]} 2. Nf3 Nc6 3. d4 exd4 4. Bc4 Bc5 5. c3 Nf6 6. e5 d5 7. Be2 {C54: Italienische Partie (Hauptvariante)} (7. Bb5 Ne4 8. cxd4 Bb6 9. Nc3 O-O 10. Be3 Bg4 11. h3 Bh5 12. Qc2 Bg6 13. Qb3 Ne7 14. O-O c6 15. Bd3 Nf5 16. Rae1 Nxd4 17. Bxd4 Bxd4 18. Nxe4 dxe4 19. Bxe4 Bxe4 20. Rxe4 {½-½ (29) Svidler,P (2749)-So,W (2810) Saint Louis 2017}) 7... Ne4 {[#] Weiss muss nun ...d3! beachten.} 8. cxd4 Bb6 9. O-O {Die Stellung ist ausgeglichen.} O-O 10. Nc3 Bg4 11. Be3 f6 12. exf6 Nxf6 13. h3 Bh5 14. Rc1 Qd6 {[#]} 15. a3 $146 (15. Nb5 $5 {[%cal Rb5d6]} Qe7 16. g4 $11) ({Vorgänger:} 15. Na4) 15... Rae8 16. b4 Kh8 17. Nd2 Bxe2 18. Nxe2 a5 19. b5 Ne7 20. Bf4 Qd7 21. a4 Ng6 22. Bh2 Ne4 23. Nb3 (23. Rc2 $11) 23... Qe7 $1 $15 24. f3 Ng5 25. Nc3 $1 c6 26. bxc6 bxc6 27. Bg3 (27. Kh1 $11) 27... Qf6 28. Kh1 Nf4 29. Qd2 Bc7 30. Rce1 Nge6 (30... Rxe1 {is interesting.} 31. Rxe1 Kg8 32. Nc5 Qg6 33. Bxf4 Bxf4 34. Qe2 Qh6) 31. Ne2 (31. Re3 $15) 31... Nxe2 ({Lieber} 31... Qg5 $17 32. Kh2 h5 33. Nxf4 Rxf4) 32. Bxc7 $11 N2xd4 33. Nxd4 Nxd4 (33... Qxd4 $11 {hält das Gleichgewicht.} 34. Qxa5 Nxc7 35. Qxc7 Rc8) 34. Qxa5 $16 Ra8 35. Qc3 {Droht stark Le5.} (35. Qb6 $5 {[%cal Rc7e5]} c5 36. Qxc5 $14) 35... Rxa4 36. Be5 Qh4 37. Bxd4 (37. Rd1 $1 $14 Nf5 38. Qxc6) 37... Rxd4 38. Qxc6 $40 {[%mdl 128] Te8 ist eine echte Drohung. Schwarz muss sich nun genau verteidigen.} Rd2 $2 {[%mdl 8192]} (38... h6 $14) 39. Re8 $18 {[%cal Re8f8]} Qf4 40. Rxf8+ Qxf8 {[%mdl 4096] Endspiel [#] KDT-KDT} 41. Re1 $1 {[%cal Re1e8] Droht Matt per Te8.Weiß steht klar auf Gewinn.} h6 42. Re8 Qxe8 43. Qxe8+ Kh7 44. Qe1 Rd4 45. Kg1 Ra4 46. Qe5 Ra5 47. Qc3 {Precision: Weiß = 58%, Schwarz = 67%.} 1-0

[Event "EYCC 2017"]
[Site "Mamaia"]
[Date "2017.09.12"]
[Round "7"]
[White "Shpanko, Nadiia"]
[Black "Goltseva, Ekaterina"]
[Result "0-1"]
[WhiteElo "2065"]
[BlackElo "2214"]
[Annotator "TA"]
[PlyCount "66"]
[EventDate "2017.??.??"]
[EventType "swiss"]
[EventCountry "ROU"]
[SourceTitle "playchess.com"]
[Source "ChessBase"]
[SourceQuality "1"]

{[%evp 21,66,17,9,6,23,18,23,-6,-6,-6,-15,-81,-81,-115,-109,-213,-211,-208,-208,-199,-202,-197,-198,-218,-222,-224,-210,-242,-238,-275,-275,-269,-264,-272,-268,-268,-267,-305,-300,-347,-357,-351,-344,-349,-347,-343,-345]} 1. e4 e5 2. Nf3 Nc6 3. d4 exd4 4. Nxd4 Bb4+ 5. c3 Bc5 6. Nxc6 bxc6 7. Bd3 {C45: Scotch Game} Qh4 8. Qe2 Nf6 9. h3 d6 10. g3 Qh5 11. Qxh5 Nxh5 {LiveBook: 3 Games} 12. b4 (12. Nd2 a5 13. Nb3 Bb6 14. Nd4 Bd7 {0-1 (54) Ni,H (2670)-Alekseev,E (2662) Saratov 2011}) 12... Bb6 13. Nd2 O-O $146 {[%cal Bh8f8,Bf8e8,Be8e4][%mdl 32]} ({Predecessor:} 13... a5 14. Nc4 axb4 15. Nxb6 cxb6 16. cxb4 Nf6 17. Bb2 Kd8 18. f3 Be6 19. Ke2 Kc7 20. a3 Rhd8 21. Rhd1 {½-½ (21) Braeuer,F (2274)-Zeller,F (2420) Leipzig 2014}) 14. Nc4 Re8 15. a4 {Strongly threatening a5.} d5 16. a5 (16. Nxb6 $11 axb6 17. Be3) 16... dxc4 $17 17. Bc2 {[#]} Bf5 $1 18. axb6 (18. f3 $17 {might work better.} Nxg3 19. axb6 Nxh1 20. b7) 18... Bxe4 $19 19. Bxe4 Rxe4+ 20. Kf1 cxb6 21. Kg2 Nf6 22. Be3 Nd5 23. Kf3 Re7 24. Bd4 Rd8 25. Rhe1 Rxe1 26. Rxe1 {[%mdl 4096] Endgame KRB-KRN} Kf8 27. Ra1 Rd7 28. Ke4 f6 29. Ra6 Kf7 30. f4 Re7+ 31. Kf3 Rb7 32. Ra1 Nc7 33. Rd1 Nb5 {Precision: White = 39%, Black = 98%.} 0-1

[Event "EYCC 2017"]
[Site "Mamaia"]
[Date "2017.09.12"]
[Round "7"]
[White "Chyzy, Jakub"]
[Black "Tsvetkov, Andrey"]
[Result "1/2-1/2"]
[WhiteElo "2060"]
[BlackElo "2219"]
[Annotator "TA"]
[PlyCount "95"]
[EventDate "2017.??.??"]
[EventType "swiss"]
[EventCountry "ROU"]
[SourceTitle "playchess.com"]
[Source "ChessBase"]
[SourceQuality "1"]

{[%evp 28,95,-28,-26,52,0,131,119,105,88,118,93,119,146,152,83,85,45,121,109,160,155,118,107,84,33,268,0,33,0,0,-38,-39,-37,-40,-25,0,-18,0,0,0,0,0,5,5,0,0,0,0,0,0,0,0,0,0,0,0,0,74,8,0,8,7,0,70,0,0,0,0,-62]} 1. e4 c5 2. Nf3 d6 3. d4 cxd4 4. Qxd4 Nf6 5. Nc3 Nc6 6. Bb5 Bd7 7. Bxc6 Bxc6 8. Bg5 e6 9. O-O-O Be7 10. Rhe1 O-O 11. Kb1 Qc7 12. Qd2 Rfd8 13. Nd4 Rab8 14. f3 b5 15. g4 {[%cal Bg2g4,Bg4g5][%mdl 32] [#]} h6 $146 {B53: Sicilian: 2...d6: Lines with Qxd4} (15... b4 $11 16. Nxc6 Qxc6) ({Predecessor:} 15... b4 16. Nce2 a5 17. Ng3 Rdc8 18. h4 Ba4 19. Rc1 Bd7 20. Nh5 a4 21. Bxf6 Bxf6 22. Nxf6+ gxf6 23. g5 {1-0 (32) Zhigalko,S (2671)-Kozul,Z (2613) Tallinn 2016}) 16. Be3 (16. Bxh6 $1 $14 gxh6 17. Qxh6) 16... Nd7 (16... b4 $11 17. Nxc6 Qxc6) 17. g5 $1 $16 b4 {White is better.} 18. Nce2 Ne5 19. Nxc6 Qxc6 20. Nd4 Qc8 {Black wants to play ...Nc4.} 21. b3 (21. gxh6 $142 g6 22. Bg5) 21... d5 {aiming for ...dxe4.} 22. f4 Ng4 ({Better is} 22... Nc6 $1 $14) 23. e5 $1 Nxe3 (23... hxg5 $142 24. fxg5 Nxe3 25. Qxe3 Rb6) 24. Rxe3 hxg5 25. Rg3 g6 26. Rdg1 (26. fxg5 $16 Rd7 27. h4) 26... Kg7 $2 {[#]} (26... Rb7 $1 $14) 27. Nf3 $2 ({Only move:} 27. f5 $1 $18 {[%cal Rf5f6][%mdl 512]} exf5 28. Rxg5) 27... d4 28. Qd3 Qc3 29. Nxg5 (29. fxg5 {seems wilder.} Rbc8 30. Rd1 Rd5 31. h4 Bc5 32. Qe2) 29... Bxg5 30. fxg5 Qxd3 31. Rxd3 $11 {[%mdl 4096] Endgame KRR-KRR} Rd5 32. Re1 Rbb5 33. h4 a5 34. Kb2 Kf8 35. Re4 Ke7 36. Rdxd4 Rxd4 37. Rxd4 Rxe5 {KR-KR} 38. a3 Rb5 39. axb4 axb4 40. c3 bxc3+ 41. Kxc3 Rb8 42. b4 Ke8 (42... e5 $11 {remains equal.} 43. Rc4 Kd6) 43. Rc4 (43. Kc4 $16) 43... Kd7 44. Rf4 Ke7 45. Kc4 e5 ({Black should try} 45... Rc8+ $11 46. Kb3 Rb8) 46. Rf6 (46. Rf2 $14) 46... Rc8+ 47. Kd5 {Threatens to win with b5.} Rb8 48. Ke4 {Precision: White = 37%, Black = 40%.} (48. Kc5 $11 Rc8+ 49. Kd5) 1/2-1/2

[Event "EYCC 2017"]
[Site "Mamaia"]
[Date "2017.09.12"]
[Round "7"]
[White "Sucikova, Svetlana"]
[Black "Balajayeva, Khanim"]
[Result "1/2-1/2"]
[WhiteElo "2055"]
[BlackElo "2342"]
[Annotator "TA"]
[PlyCount "71"]
[EventDate "2017.??.??"]
[EventType "swiss"]
[EventCountry "ROU"]
[SourceTitle "playchess.com"]
[Source "ChessBase"]
[SourceQuality "1"]

{[%evp 20,71,0,0,0,0,-15,-7,-12,-30,-30,-31,-17,-14,-10,-2,45,38,109,109,93,85,75,80,133,39,72,23,31,14,33,28,18,27,34,14,19,9,13,0,0,0,0,0,0,0,0,0,12,8,34,2,25,26]} 1. Nf3 d5 2. c4 e6 3. g3 Nf6 4. Bg2 Be7 5. O-O O-O 6. d4 dxc4 7. Qc2 a6 8. Qxc4 b5 9. Qc2 Bb7 10. Bf4 Nc6 11. Nbd2 Nd5 {E05: Katalanisch} (11... Nxd4 12. Nxd4 Bxg2 13. Nxe6 fxe6 14. Kxg2 c5 15. Nf3 Qe8 16. Rad1 Nd5 17. Qe4 Qc6 18. Kh1 Rac8 19. Ne5 Qe8 20. Nd3 Qc6 21. Ne5 Qe8 22. Nd3 Qc6 23. Ne5 {½-½ (23) Wegerle,J (2467)-Lutz,C (2575) Germany 2011}) 12. Nb3 Nxf4 13. gxf4 Nb4 {Die Stellung ist ausgeglichen.} 14. Qd2 Bd5 15. Qd1 $146 ({Vorgänger:} 15. Qc3 Bxb3 16. Qxb3 Nd5 17. e3 Bd6 18. Rac1 Rc8 19. Rfd1 {0-1 (79) Loiret,S (2258)-Peter,S (2267) France 2005}) 15... Rc8 16. a3 Nc6 17. e3 h6 18. Rc1 g5 (18... a5 $14) 19. fxg5 hxg5 20. Nfd2 {[%cal Bf3d2,Bd2e4,Be4c5][%mdl 32]} Bxg2 21. Kxg2 Nb8 (21... Qd5+ $142 22. Qf3 Nd8) 22. Qf3 (22. f4 $16) 22... Kg7 23. Ne4 (23. h4 $5) 23... Qd5 24. Nec5 Qxf3+ 25. Kxf3 Rh8 26. Kg2 g4 27. Ne4 Bd6 28. Rh1 f5 29. Ng3 (29. Nec5 {with more complications.} Kf6 30. Nb7 Ke7 31. N3c5 Rh7 32. Nd3) 29... c6 30. Nc5 Bxc5 31. Rxc5 Nd7 32. Rc2 Kf6 33. Rhc1 Nb8 34. Rc5 Rcd8 35. Ne2 Rh7 36. Nf4 {Precision: Weiß = 60%, Schwarz = 59%.} 1/2-1/2

[Event "EYCC 2017"]
[Site "Mamaia"]
[Date "2017.09.12"]
[Round "7"]
[White "Sargsyan, Anna M"]
[Black "Cvitan, Ena"]
[Result "1-0"]
[WhiteElo "2047"]
[BlackElo "2270"]
[Annotator "TA"]
[PlyCount "69"]
[EventDate "2017.??.??"]
[EventType "swiss"]
[EventCountry "ROU"]
[SourceTitle "playchess.com"]
[Source "ChessBase"]
[SourceQuality "1"]

{[%evp 9,69,-3,16,12,10,0,12,-9,-9,-6,-18,-13,-18,-18,-11,-11,-11,-3,11,0,13,9,49,56,74,62,62,41,89,68,276,229,220,221,226,235,258,239,259,202,231,169,199,199,200,130,107,43,62,13,16,35,53,49,51,24,647,645,698,689,2349,2200]} 1. e4 c6 2. Nf3 d5 3. exd5 cxd5 4. Ne5 (4. d4 Bg4 5. h3 Bxf3 6. Qxf3 e6 7. Bd3 Nf6 8. O-O Bd6 9. c3 h6 10. Nd2 O-O 11. Qe2 Qc7 12. g3 Nc6 13. f4 {½-½ (31) Kramnik,V (2808)-Anand,V (2786) Leuven 2017}) 4... Nc6 5. d4 a6 {LiveBook: 5 Games} 6. c3 {B10: Caro-Kann: 2 d3 and 2 c4} Bf5 7. Nd2 $146 ({Find the theoretical novelty and annotate with similar games:} 7. g4 Nxe5 8. gxf5 Nc6 9. Nd2 Nf6 10. Nb3 g6 11. Bh3 Ne4 {1-0 (58) Biro,S (2312)-Bakin,A (2248) Budapest 2009}) 7... e6 8. Ndf3 {The position is equal.} Bd6 9. Bd3 Nge7 10. O-O Bxe5 11. dxe5 Bxd3 12. Qxd3 Ng6 13. Re1 Qc7 14. Qe2 O-O 15. h4 {[%cal Bh2h4,Bh4h5,Bh5h6][%mdl 32]} Rfc8 16. h5 Nf8 {[#]} 17. h6 $1 g6 18. Nh2 b5 19. Bg5 Rab8 $2 (19... Qb8 $14) 20. Qf3 {White threatens Qf6 and mate.} f5 ({Much worse is} 20... Nd7 21. Ng4 $18) 21. exf6 Qf7 22. Ng4 Re8 23. Rad1 Rbd8 24. Qe3 {Strongly threatening Qb6.} Nd7 25. f4 Na5 26. b3 Rc8 27. Qa7 Ne5 28. Qxf7+ (28. Qxa6 $16 Nxg4 29. Qxa5) 28... Nxf7 $14 29. Re3 Nb7 $1 30. Nf2 Nfd6 31. g4 $36 {[%mdl 2048] White fights for an advantage.} Nc5 32. Rd4 Nce4 $2 {[%mdl 8192] [#]} (32... Rc7 $11) 33. Nxe4 $18 {White is clearly winning.} Nxe4 34. Rexe4 dxe4 35. Rd7 {Precision: White = 58%, Black = 47%.} 1-0